00699nam a2200217Ia 4500003000400000005001700004006001800021007000300039008004100042037001700083040001800100041001300118082002800131110007600159245002700235260007400262300001400336700007600350942003600426999001900462OSt20220925200809.0a|||||r|||| 00| 0ta220923b |||||||| |||| 00| 0 eng d cGeneral Book aRTLcRTLbeng 2engaeng aX9B.2.N83 - N82r, M3/GD aHANDICRAFTS AND HANDLOOMS EXPORTS CORPORATION OF INDIA LIMITED.9258633 0aAnnual Report 1982-83. aDelhibHandicraft and Handlooms exports Corpo. of India Ltd. c1982 a42p.ccm. aHANDICRAFTS AND HANDLOOMS EXPORTS CORPORATION OF INDIA LIMITED.9258634 hX9B.2.N83 - N82r, M3/GDcGB2CC c537920d537920